000 00431 a2200169 4500
001 61542
020 _a8572631925
040 _cAnchieta - Pituba
100 _aFerreira, Edson Alberto Carvalho
240 1 0 _aVestibulares Resolvidos 2000
_lpor
245 1 0 _aVestibulares Resolvidos 2000
300 _a82
362 0 _a2000
440 1 _aNúcleo
650 4 _a. Vestibulares / Exames de admissão em universidades
942 _cBK
999 _c61542
_d61542